[Event "Villa Ballester op 73rd"]
[Site "Buenos Aires"]
[Date "2024.01.27"]
[Round "8"]
[White "Calens, Diego"]
[Black "Cumpe, Lucas"]
[Result "0-1"]
[WhiteElo "1976"]
[BlackElo "2224"]
[PlyCount "60"]
[EventDate "2024.01.19"]
[EventType "swiss"]
[EventRounds "9"]
[EventCountry "ARG"]
[SourceTitle "CB06_2024"]
[SourceDate "2024.02.07"]
[SourceVersion "1"]
[SourceVersionDate "2024.02.07"]
[SourceQuality "1"]

1. Nf3 Nf6 2. g3 b5 3. Bg2 Bb7 4. 0-0 e6 5. d3 Be7 6. e4 0-0 7. Re1 c5 8. Nbd2 d6 9. c3 Nbd7 10. d4 e5 11. dxe5 dxe5 12. Nh4 g6 13. Nf1 Qc7 14. a4 a6 15. Bh6 Rfd8 16. axb5 axb5 17. Qe2 c4 18. Red1 Nc5 19. Rxa8 Rxa8 20. f3 Ra2 21. Ne3 Bf8 22. Bxf8 Kxf8 23. Rd2 Ra1+ 24. Rd1 Ra2 25. Rd2 Qb6 26. Kh1 Nd3 27. Nd1 Ra1 28. Bf1 Nd7 29. Kg2 Rb1 30. Nf2 Re1 0-1

[Event "Villa Ballester op 73rd"]
[Site "Buenos Aires"]
[Date "2024.01.26"]
[Round "7"]
[White "Leguizamon, Arnaldo"]
[Black "Calens, Diego"]
[Result "0-1"]
[WhiteElo "1816"]
[BlackElo "1976"]
[PlyCount "53"]
[EventDate "2024.01.19"]
[EventType "swiss"]
[EventRounds "9"]
[EventCountry "ARG"]
[SourceTitle "CB06_2024"]
[SourceDate "2024.02.07"]
[SourceVersion "1"]
[SourceVersionDate "2024.02.07"]
[SourceQuality "1"]

1. e4 c5 2. Nc3 Nc6 3. Nge2 e6 4. d4 cxd4 5. Nxd4 Nf6 6. g4 d6 7. Nxc6 bxc6 8. g5 Nd7 9. f4 Qb6 10. Qe2 Rb8 11. b3 Nc5 12. Bb2 a5 13. 0-0-0 a4 14. h4 Qa5 15. h5 h6 16. gxh6 Rxh6 17. Rg1 axb3 18. cxb3 Rxh5 19. Nd5 cxd5 20. Qxh5 Qxa2 21. Rg2 Nxb3+ 22. Kc2 Nd2 23. Rgxd2 Rxb2+ 24. Kd3 Qc4+ 25. Ke3 Qxe4+ 26. Kf2 Qxf4+ 27. Ke1 0-1

[Event "Villa Ballester op 73rd"]
[Site "Buenos Aires"]
[Date "2024.01.23"]
[Round "5"]
[White "Montiel Marin, Micaela Agustina"]
[Black "Calens, Diego"]
[Result "0-1"]
[WhiteElo "1643"]
[BlackElo "1976"]
[PlyCount "62"]
[EventDate "2024.01.19"]
[EventType "swiss"]
[EventRounds "9"]
[EventCountry "ARG"]
[SourceTitle "CB06_2024"]
[SourceDate "2024.02.07"]
[SourceVersion "1"]
[SourceVersionDate "2024.02.07"]
[SourceQuality "1"]

1. d4 Nf6 2. Nf3 c5 3. g3 cxd4 4. Qxd4 d5 5. Bg2 Nc6 6. Qd1 e5 7. 0-0 Be7 8. c4 d4 9. Nbd2 0-0 10. Qc2 Bg4 11. a3 a5 12. Re1 h6 13. h3 Be6 14. e3 Qd7 15. exd4 exd4 16. Kh2 Bf5 17. Qb3 Bd6 18. Nh4 Bh7 19. Ne4 Be7 20. Nxf6+ Bxf6 21. Nf3 a4 22. Qd1 d3 23. Ra2 Nd4 24. Ne5 Bxe5 25. Rxe5 Qc7 26. Bf4 Qxc4 27. Bd5 Qc2 28. Qe1 Rad8 29. Qd2 Qxd2 30. Bxd2 Rxd5 31. Rxd5 Nf3+ 0-1

[Event "Villa Ballester op 73rd"]
[Site "Buenos Aires"]
[Date "2024.01.20"]
[Round "2"]
[White "Coro, Lucas"]
[Black "Calens, Diego"]
[Result "1-0"]
[WhiteElo "2296"]
[BlackElo "1976"]
[PlyCount "117"]
[EventDate "2024.01.19"]
[EventType "swiss"]
[EventRounds "9"]
[EventCountry "ARG"]
[SourceTitle "CB06_2024"]
[SourceDate "2024.02.07"]
[SourceVersion "1"]
[SourceVersionDate "2024.02.07"]
[SourceQuality "1"]

1. Nf3 c5 2. g3 d5 3. Bg2 Nc6 4. d4 Nf6 5. 0-0 e6 6. c4 Be7 7. dxc5 0-0 8. a3 dxc4 9. Qc2 Qa5 10. Qxc4 Qxc5 11. Qxc5 Bxc5 12. Nc3 Rd8 13. Bf4 Bd7 14. Rac1 Be7 15. Rfd1 Be8 16. Ne5 Rac8 17. Nc4 Nd4 18. Bd6 Bxd6 19. Rxd4 Bc5 20. Rxd8 Rxd8 21. Bxb7 Rb8 22. Ba6 Bc6 23. b4 Bd4 24. Na5 Be8 25. b5 Bxc3 26. Rxc3 Nd5 27. Rc5 Kf8 28. e4 Nf6 29. Nc6 Nxe4 30. Rc2 Rb6 31. Nxa7 Bxb5 32. Bxb5 Rb7 33. Rc8+ Ke7 34. Ra8 Nc3 35. a4 Kf6 36. Kg2 g5 37. h3 h5 38. Kf3 g4+ 39. hxg4 hxg4+ 40. Ke3 Nd5+ 41. Kd4 Nb6 42. Bc6 Rc7 43. Rb8 Nxa4 44. Bxa4 Rxa7 45. Rb4 Ra5 46. Ke3 Re5+ 47. Re4 Rg5 48. Bd1 Ke7 49. Rxg4 Ra5 50. Ra4 Rb5 51. Ra7+ Kf6 52. Ba4 Rf5 53. Be8 Kg6 54. g4 Rf6 55. f4 Kg7 56. g5 Rf5 57. Rxf7+ Rxf7 58. Bxf7 Kxf7 59. Ke4 1-0

[Event "Santa Fe Perez Cup"]
[Site "Santa Fe"]
[Date "2022.02.26"]
[Round "2"]
[White "Calens, Diego"]
[Black "Rodriguez Vila, Andres"]
[Result "1-0"]
[WhiteElo "1990"]
[BlackElo "2461"]
[PlyCount "165"]
[EventDate "2022.02.26"]
[EventType "swiss"]
[EventRounds "9"]
[EventCountry "ARG"]
[SourceTitle "EXT 2023"]
[Source "ChessBase"]
[SourceDate "2022.10.05"]
[SourceVersion "1"]
[SourceVersionDate "2022.10.05"]
[SourceQuality "1"]

1. e4 e6 2. d4 d5 3. Nc3 Bb4 4. Bd3 c5 5. exd5 exd5 6. dxc5 Nc6 7. Bd2 Bxc5 8. Nf3 Nf6 9. Qe2+ Be6 10. 0-0 0-0 11. Bg5 Bg4 12. Bxf6 Qxf6 13. Nxd5 Qd6 14. Qe4 f5 15. Qf4 Bxf3 16. Qxd6 Bxd6 17. gxf3 Ne5 18. Be2 Rae8 19. f4 Ng6 20. Bc4 Kh8 21. Rfe1 Rc8 22. Bb3 Bc5 23. Rad1 Nh4 24. Rd3 Rce8 25. Rxe8 Rxe8 26. Kf1 h6 27. Nc7 Rc8 28. Ne6 Bb6 29. Rd7 Nf3 30. Nxg7 Nd4 31. c3 Nxb3 32. axb3 Rc6 33. Nxf5 Rf6 34. Nh4 Bc5 35. f5 b5 36. Rd5 Bb6 37. Rxb5 Kg7 38. Rd5 Rc6 39. Ke2 Kf6 40. f4 h5 41. Kf3 Bg1 42. h3 Ra6 43. Rd1 Bc5 44. b4 Be7 45. Ng6 Bd6 46. Rd5 Bc7 47. Rd7 Bb8 48. Ke4 Ra1 49. Rb7 Re1+ 50. Kd5 Rd1+ 51. Kc4 Rd8 52. Ne7 Bd6 53. Nc6 Re8 54. Nd4 Bxf4 55. Rxa7 Re3 56. Ra6+ Kf7 57. b5 Rxh3 58. b6 Rh2 59. b4 h4 60. Ra7+ Kf6 61. Rh7 h3 62. Nf3 Rh1 63. b7 Bg3 64. Kd5 Kxf5 65. Rh5+ Kf6 66. Ne5 Rd1+ 67. Kc6 Rd8 68. Nd7+ Ke7 69. Rh7+ Ke6 70. Nc5+ Kf5 71. Rxh3 Bf4 72. Rd3 Rh8 73. Rd5+ Kf6 74. Nd7+ Ke7 75. b8Q Bxb8 76. Nxb8 Rxb8 77. Kc7 Ra8 78. b5 Ra7+ 79. Kc6 Ra8 80. Kb7 Ra4 81. b6 Rc4 82. Rd3 Ra4 83. Kb8 1-0

[Event "Salliquelo U2200 4th"]
[Site "Salliquelo"]
[Date "2019.04.27"]
[Round "3.3"]
[White "Calens, Diego"]
[Black "Teran Abreu, Lisyender Jesus"]
[Result "1-0"]
[WhiteElo "2023"]
[BlackElo "2187"]
[PlyCount "63"]
[EventDate "2019.04.26"]
[EventType "swiss"]
[EventRounds "7"]
[EventCountry "ARG"]
[SourceTitle "EXT 2024"]
[Source "ChessBase"]
[SourceDate "2023.10.10"]
[SourceVersion "1"]
[SourceVersionDate "2023.10.10"]
[SourceQuality "1"]

1. e4 e5 2. Nf3 Nc6 3. Bc4 Bc5 4. b4 Bxb4 5. c3 Be7 6. d4 Na5 7. Be2 d6 8. Qa4+ c6 9. dxe5 dxe5 10. Nxe5 Nf6 11. 0-0 0-0 12. Rd1 Qc7 13. Bf4 b5 14. Qc2 Qb6 15. Nd2 Be6 16. Ndf3 c5 17. Ng5 Bc8 18. Nexf7 Rxf7 19. e5 g6 20. Nxf7 Kxf7 21. exf6 Qxf6 22. Bc7 Bf5 23. Bd3 Nc4 24. a4 Rc8 25. Bg3 a6 26. axb5 axb5 27. Qb3 Be6 28. Qxb5 Ne5 29. Bf1 h5 30. Ra6 h4 31. Bxe5 Qxe5 32. Rxe6 1-0

[Event "Villa Ballester op 69th"]
[Site "Villa Ballester"]
[Date "2019.01.20"]
[Round "4"]
[White "Calens, Diego"]
[Black "Rodriguez, Jorge Luis"]
[Result "0-1"]
[WhiteElo "2034"]
[BlackElo "2395"]
[PlyCount "112"]
[EventDate "2019.01.16"]
[EventType "swiss"]
[EventRounds "9"]
[EventCountry "ARG"]
[SourceTitle "CBM 188 Extra"]
[Source "ChessBase"]
[SourceDate "2019.02.26"]
[SourceVersion "1"]
[SourceVersionDate "2019.02.26"]
[SourceQuality "1"]

1. d4 Nf6 2. c4 c6 3. Nc3 d5 4. Nf3 e6 5. Bg5 Nbd7 6. e3 Qa5 7. Nd2 Bb4 8. Qc2 0-0 9. Be2 c5 10. 0-0 cxd4 11. Nb3 Qc7 12. Nb5 Qb6 13. a3 dxc4 14. Qxc4 Be7 15. Qxd4 a6 16. Qxb6 Nxb6 17. Nc3 h6 18. Bh4 a5 19. Nd4 Bd7 20. Rfd1 Rac8 21. Nf3 Ba4 22. Nxa4 Nxa4 23. Rd2 Rfd8 24. Rxd8+ Bxd8 25. b3 Nc3 26. Bd3 Nfe4 27. Bxd8 Rxd8 28. Bxe4 Nxe4 29. b4 a4 30. Nd4 Rc8 31. f3 Nd6 32. Rd1 e5 33. Ne2 Nb5 34. Rd7 b6 35. Rb7 Rc6 36. Rb8+ Kh7 37. Ra8 Rc2 38. Ng3 Nc3 39. Rb8 Nd5 40. Nf1 Ra2 41. g3 Rxa3 42. e4 Nxb4 43. Rxb6 Nc2 44. Ra6 Nd4 45. f4 Ra2 46. fxe5 Nf3+ 47. Kh1 Rf2 48. Rxa4 Rxf1+ 49. Kg2 Nd2 50. Rd4 Nb3 51. Rd7 Re1 52. Rxf7 Rxe4 53. Re7 Nd4 54. Kf2 Nc6 55. Rc7 Nxe5 56. Kg2 Re2+ 0-1

[Event "Buenos Aires Szmetan Giardelli op"]
[Site "Buenos Aires"]
[Date "2018.12.11"]
[Round "8"]
[White "Alonso, Rodolfo"]
[Black "Calens, Diego"]
[Result "1/2-1/2"]
[WhiteElo "2211"]
[BlackElo "1998"]
[PlyCount "50"]
[EventDate "2018.12.04"]
[EventType "swiss"]
[EventRounds "9"]
[EventCountry "ARG"]
[SourceTitle "CBM 187 Extra"]
[Source "ChessBase"]
[SourceDate "2018.11.04"]
[SourceVersion "1"]
[SourceVersionDate "2018.11.04"]
[SourceQuality "1"]

1. e4 c5 2. d4 cxd4 3. c3 dxc3 4. Nxc3 Nc6 5. Nf3 e6 6. Bc4 Bb4 7. 0-0 Bxc3 8. bxc3 Nge7 9. Qe2 Qa5 10. e5 Ng6 11. Re1 0-0 12. Bd3 Qxc3 13. Bd2 Qa3 14. Qe4 d6 15. h4 Ncxe5 16. Nxe5 dxe5 17. Bb4 f5 18. Qc4 Qa4 19. Bxf8 Qxc4 20. Bxc4 Kxf8 21. h5 Nf4 22. Rxe5 Nxh5 23. Bxe6 Bxe6 24. Rxe6 Rd8 25. Rc1 Rd7 1/2-1/2

[Event "Buenos Aires Szmetan Giardelli op"]
[Site "Buenos Aires"]
[Date "2018.12.05"]
[Round "2"]
[White "Calens, Diego"]
[Black "Villegas, Franco"]
[Result "0-1"]
[WhiteElo "1998"]
[BlackElo "2259"]
[PlyCount "56"]
[EventDate "2018.12.04"]
[EventType "swiss"]
[EventRounds "9"]
[EventCountry "ARG"]
[SourceTitle "CBM 187 Extra"]
[Source "ChessBase"]
[SourceDate "2018.11.04"]
[SourceVersion "1"]
[SourceVersionDate "2018.11.04"]
[SourceQuality "1"]

1. d4 Nf6 2. c4 g6 3. Nc3 d5 4. cxd5 Nxd5 5. e4 Nxc3 6. bxc3 Bg7 7. Nf3 c5 8. Rb1 0-0 9. Be2 Nc6 10. d5 Ne5 11. Nxe5 Bxe5 12. Qd2 e6 13. f4 Bc7 14. 0-0 exd5 15. exd5 Ba5 16. Bf3 Qf6 17. Bb2 Bf5 18. Rbe1 c4 19. Be4 Rfe8 20. Qc2 Qb6+ 21. Rf2 Qc5 22. g4 Bxe4 23. Rxe4 Rxe4 24. Qxe4 Bb6 25. Qf3 Qxf2+ 26. Qxf2 Bxf2+ 27. Kxf2 Rd8 28. Bc1 Rxd5 0-1

[Event "ARG-chT"]
[Site "Villa Martelli"]
[Date "2016.10.08"]
[Round "3.3"]
[White "Calens, Diego"]
[Black "Villanueva, Mario Nicolas"]
[Result "0-1"]
[WhiteElo "2043"]
[BlackElo "2425"]
[PlyCount "84"]
[EventDate "2016.09.24"]
[EventType "team-swiss"]
[EventRounds "9"]
[EventCountry "ARG"]
[SourceTitle "EXT 2017"]
[Source "ChessBase"]
[SourceDate "2016.10.25"]
[SourceVersion "1"]
[SourceVersionDate "2016.10.25"]
[SourceQuality "1"]
[WhiteTeam "Ventajedrez Plastigal"]
[BlackTeam "Obras AySa"]
[WhiteTeamCountry "ARG"]
[BlackTeamCountry "ARG"]

1. e4 e6 2. d4 d5 3. Nd2 Be7 4. Ngf3 Nf6 5. Bd3 c5 6. e5 Nfd7 7. c3 b6 8. Qe2 a5 9. h4 Ba6 10. Bxa6 Nxa6 11. a3 Nc7 12. Nf1 c4 13. Bg5 b5 14. Ng3 h6 15. Bxe7 Qxe7 16. h5 b4 17. axb4 axb4 18. Rxa8+ Nxa8 19. 0-0 bxc3 20. Ra1 0-0 21. bxc3 Nc7 22. Ra7 Nb5 23. Rb7 Rb8 24. Rxb8+ Nxb8 25. Qb2 Qb7 26. Ne2 Nc6 27. Nd2 Qa6 28. Nb1 Qa4 29. Kh2 Na5 30. Nd2 Nb3 31. Nb1 Na1 32. Nd2 Nc2 33. Nf4 Nca3 34. g3 Nc2 35. Kg2 Ne1+ 36. Kh2 Nd3 37. Nxd3 cxd3 38. Qb1 Qc2 39. Qxb5 Qxd2 40. Qe8+ Kh7 41. Qxf7 Qg5 42. f4 Qg4 0-1

[Event "Villa Ballester Bicentenario Indep 16th"]
[Site "Villa Ballester"]
[Date "2016.08.14"]
[Round "6.1"]
[White "Calens, Diego"]
[Black "Dolezal, Cristian"]
[Result "0-1"]
[WhiteElo "2045"]
[BlackElo "2415"]
[PlyCount "152"]
[EventDate "2016.08.05"]
[EventType "swiss"]
[EventRounds "7"]
[EventCountry "ARG"]
[SourceTitle "EXT 2024"]
[Source "ChessBase"]
[SourceDate "2023.10.10"]
[SourceVersion "1"]
[SourceVersionDate "2023.10.10"]
[SourceQuality "1"]

1. Nf3 g6 2. e4 Bg7 3. d4 d6 4. c4 Nf6 5. Nc3 Bg4 6. Be2 Nfd7 7. Be3 c5 8. d5 Na6 9. 0-0 0-0 10. Qd2 Re8 11. h3 Bxf3 12. Bxf3 Nc7 13. Be2 e6 14. dxe6 Nxe6 15. Nb5 Qb6 16. Nxd6 Red8 17. Nb5 Ne5 18. Qc2 Nc6 19. Rae1 Ncd4 20. Qb1 Rd7 21. Nc3 Nxe2+ 22. Rxe2 Qb4 23. Nd5 Qxc4 24. Rd2 Rad8 25. Rfd1 Kf8 26. Nc7 Nd4 27. b3 Qb4 28. Nd5 Qb5 29. b4 b6 30. bxc5 Ne2+ 31. Kh1 Qxb1 32. Rxb1 Nc3 33. Rb4 a5 34. Rc4 b5 35. Rxc3 Bxc3 36. Rc2 Be5 37. c6 Rxd5 38. exd5 Rxd5 39. f4 Bc7 40. Kg1 Ke7 41. Kf2 Kd6 42. g4 f5 43. Kf3 b4 44. Ke2 Bd8 45. Ba7 Kc7 46. Be3 Bf6 47. Rc4 Bd8 48. Rc2 a4 49. Bd2 Be7 50. Rc4 Rb5 51. Kd3 b3 52. axb3 axb3 53. Rc1 Ba3 54. Rb1 Kxc6 55. Kc4 Bd6 56. Rxb3 Rxb3 57. Kxb3 Kd5 58. gxf5 gxf5 59. Kc3 Ke4 60. Kc4 Bxf4 61. Ba5 Be3 62. Bc7 Bd4 63. Bh2 h5 64. Bg3 Be5 65. Bf2 f4 66. Bb6 f3 67. Bf2 Bf6 68. Be1 Bd4 69. Bh4 f2 70. Bxf2 Bxf2 71. Kc3 Kf3 72. Kd3 Be3 73. Kc2 Kg3 74. h4 Kxh4 75. Kd3 Ba7 76. Ke2 Kg3 0-1

[Event "Latin Cup-A 6th"]
[Site "Buenos Aires"]
[Date "2015.03.19"]
[Round "1"]
[White "Morovic Fernandez, Ivan"]
[Black "Calens, Diego"]
[Result "1-0"]
[WhiteElo "2568"]
[BlackElo "2059"]
[PlyCount "65"]
[EventDate "2015.03.19"]
[EventType "swiss"]
[EventRounds "9"]
[EventCountry "ARG"]
[SourceTitle "CBM 165 Extra"]
[Source "ChessBase"]
[SourceDate "2015.04.21"]
[SourceVersion "1"]
[SourceVersionDate "2015.04.21"]
[SourceQuality "1"]

1. e4 e6 2. d4 d5 3. Nc3 Bb4 4. a3 Bxc3+ 5. bxc3 dxe4 6. Qg4 Nf6 7. Qxg7 Rg8 8. Qh6 Nbd7 9. Ne2 b6 10. Ng3 Bb7 11. Be2 Qe7 12. a4 Rg6 13. Qh4 Qd6 14. 0-0 0-0-0 15. Rd1 Rdg8 16. c4 Qc6 17. Be3 Nf8 18. c5 Qe8 19. cxb6 axb6 20. c4 Ng4 21. a5 Nxe3 22. fxe3 bxa5 23. Rxa5 Qd8 24. Qxd8+ Kxd8 25. Ra7 Bc6 26. Bf1 f5 27. d5 exd5 28. Nxf5 Rg5 29. cxd5 Rxf5 30. dxc6+ Ke8 31. Rxc7 Ne6 32. Rc8+ Kf7 33. Rd7+ 1-0

[Event "Buenos Aires Duchamp Boca op 3rd"]
[Site "Buenos Aires"]
[Date "2013.06.29"]
[Round "9"]
[White "Abarca Gonzalez, Nicolas"]
[Black "Calens, Diego"]
[Result "0-1"]
[WhiteElo "2265"]
[BlackElo "2112"]
[PlyCount "108"]
[EventDate "2013.06.20"]
[EventType "swiss"]
[EventRounds "9"]
[EventCountry "ARG"]
[SourceTitle "CBM 155 Extra"]
[Source "ChessBase"]
[SourceDate "2013.08.26"]
[SourceVersion "1"]
[SourceVersionDate "2013.08.26"]
[SourceQuality "1"]

1. e4 g6 2. d4 Bg7 3. Nc3 c5 4. dxc5 Qa5 5. Bd2 Qxc5 6. Nf3 Nf6 7. Bd3 d6 8. 0-0 0-0 9. Be3 Qa5 10. h3 Nc6 11. Qe2 Qh5 12. Rfd1 Be6 13. Ng5 Qxe2 14. Nxe2 Bd7 15. c3 Ne5 16. Bc2 h6 17. Nf3 Nxf3+ 18. gxf3 Bxh3 19. Nf4 Bd7 20. Bb3 Kh7 21. a4 Bc6 22. a5 a6 23. Ne2 Rac8 24. Kg2 Bb5 25. Ng3 h5 26. Bg5 Bc4 27. Ba4 Rc5 28. Be3 Rxa5 29. b3 h4 30. Rh1 Kg8 31. Bb6 Rxa4 32. Rxa4 Bb5 33. Ra2 hxg3 34. c4 Bc6 35. Re1 gxf2 36. Bxf2 Nh5 37. Bh4 Bf6 38. Bxf6 Nxf6 39. e5 dxe5 40. Rxe5 e6 41. Rd2 Kg7 42. b4 Rh8 43. Rd4 Rh5 44. Re3 Rf5 45. Rc3 e5 46. Rh4 g5 47. Rh3 g4 48. Rh2 gxf3+ 49. Kf1 Ng4 50. Rh4 Rf4 51. Rh5 Kg6 52. Rh8 f2 53. Rg3 Rxc4 54. Rg8+ Kf5 0-1

[Event "Buenos Aires Duchamp Boca op 3rd"]
[Site "Buenos Aires"]
[Date "2013.06.27"]
[Round "7"]
[White "Slipak, Sergio"]
[Black "Calens, Diego"]
[Result "1-0"]
[WhiteElo "2440"]
[BlackElo "2112"]
[PlyCount "119"]
[EventDate "2013.06.20"]
[EventType "swiss"]
[EventRounds "9"]
[EventCountry "ARG"]
[SourceTitle "CBM 155 Extra"]
[Source "ChessBase"]
[SourceDate "2013.08.26"]
[SourceVersion "1"]
[SourceVersionDate "2013.08.26"]
[SourceQuality "1"]

1. Nf3 c5 2. e3 g6 3. d4 Bg7 4. dxc5 Qa5+ 5. c3 Qxc5 6. b4 Qc7 7. Bb2 Nf6 8. c4 0-0 9. Be2 b6 10. Nc3 Bb7 11. Rc1 a6 12. 0-0 e6 13. c5 Ne4 14. cxb6 Qxb6 15. Na4 Qd8 16. Bxg7 Kxg7 17. Qd4+ Nf6 18. Nc5 Bc6 19. a4 Qe7 20. Rfd1 Rd8 21. e4 d5 22. Ne5 Be8 23. Qb2 Nc6 24. exd5 exd5 25. Ng4 h5 26. Nxf6 Qxf6 27. Qxf6+ Kxf6 28. Nxa6 Nb8 29. Nc7 Ra7 30. Nxd5+ Kg7 31. a5 Ba4 32. Rd2 Bb3 33. Rc5 Rad7 34. a6 Nxa6 35. Bxa6 Bxd5 36. Bf1 Be4 37. Rxd7 Rxd7 38. Rc3 Rb7 39. Rc4 Bd5 40. Rd4 Bc6 41. f3 Kf8 42. Kf2 Ke7 43. Ke3 Bb5 44. Bxb5 Rxb5 45. Kd3 Ke6 46. Kc4 Rb8 47. b5 Rc8+ 48. Kb3 Rc5 49. Rb4 Kd7 50. b6 Rc8 51. b7 Rb8 52. Kc4 Kc6 53. Kd4 Kd6 54. Rb6+ Ke7 55. Kc5 Kd7 56. h4 Kc7 57. Rb2 Re8 58. b8Q+ Rxb8 59. Rxb8 Kxb8 60. Kd6 1-0

[Event "Buenos Aires Duchamp Boca op 3rd"]
[Site "Buenos Aires"]
[Date "2013.06.21"]
[Round "2"]
[White "Calens, Diego"]
[Black "Dolezal, Cristian"]
[Result "0-1"]
[WhiteElo "2112"]
[BlackElo "2410"]
[PlyCount "108"]
[EventDate "2013.06.20"]
[EventType "swiss"]
[EventRounds "9"]
[EventCountry "ARG"]
[SourceTitle "CBM 155 Extra"]
[Source "ChessBase"]
[SourceDate "2013.08.26"]
[SourceVersion "1"]
[SourceVersionDate "2013.08.26"]
[SourceQuality "1"]

1. d4 g6 2. e4 Bg7 3. Nf3 d6 4. c4 c5 5. Be2 Nc6 6. d5 Na5 7. 0-0 e5 8. Nc3 Nh6 9. Bd2 f6 10. Qa4+ Kf8 11. Nb5 b6 12. b4 Nb7 13. a3 Nf7 14. Ne1 Bd7 15. Qb3 Bh6 16. Bxh6+ Nxh6 17. Nd3 Kg7 18. f4 Bxb5 19. cxb5 Qe7 20. fxe5 dxe5 21. Rac1 Rac8 22. bxc5 Nxc5 23. Qb4 Rc7 24. Rc4 Rhc8 25. Rfc1 Qd8 26. Nxc5 Rxc5 27. Rxc5 bxc5 28. Qd2 Qb6 29. Qe3 Nf7 30. Bg4 Rc7 31. a4 Nd6 32. h4 c4 33. Qxb6 axb6 34. Bf3 f5 35. exf5 gxf5 36. Kf2 e4 37. Be2 Kf6 38. a5 bxa5 39. b6 Rb7 40. Bxc4 Rxb6 41. Be2 Ke5 42. Rc7 Rb7 43. Rxb7 Nxb7 44. Bc4 a4 45. g3 Nd6 46. Ba2 Nb5 47. Ke3 Nc3 48. d6 Kxd6 49. Bg8 a3 50. Kd4 a2 51. Bxa2 Nxa2 52. h5 Nb4 53. g4 Nc2+ 54. Kc3 fxg4 0-1

[Event "Buenos Aires Legislatura op 4th"]
[Site "Buenos Aires"]
[Date "2011.12.01"]
[Round "3"]
[White "Calens, Diego"]
[Black "Denegri, German"]
[Result "1-0"]
[WhiteElo "2073"]
[BlackElo "2019"]
[PlyCount "43"]
[EventDate "2011.11.29"]
[EventType "swiss"]
[EventRounds "9"]
[EventCountry "ARG"]
[SourceTitle "EXT 2014"]
[Source "ChessBase"]
[SourceDate "2013.11.20"]
[SourceVersion "1"]
[SourceVersionDate "2013.11.20"]
[SourceQuality "1"]

1. e4 c6 2. d4 d5 3. exd5 cxd5 4. c4 Nf6 5. Nc3 e6 6. Nf3 Bb4 7. Bd3 0-0 8. 0-0 Nc6 9. a3 Be7 10. Re1 dxc4 11. Bxc4 a6 12. Ba2 b5 13. d5 exd5 14. Nxd5 Nxd5 15. Qxd5 Bb7 16. Qh5 Bf6 17. Ng5 Bxg5 18. Bxg5 Qd7 19. Rad1 Rae8 20. h4 Rxe1+ 21. Rxe1 Re8 22. Bxf7+ 1-0

[Event "Buenos Aires Bolivar op 4th"]
[Site "Buenos Aires"]
[Date "2011.06.22"]
[Round "8"]
[White "Torres, Alejo Santiago Jose"]
[Black "Calens, Diego"]
[Result "1/2-1/2"]
[WhiteElo "1849"]
[BlackElo "2078"]
[PlyCount "65"]
[EventDate "2011.06.13"]
[EventType "swiss"]
[EventRounds "9"]
[EventCountry "ARG"]
[SourceTitle "EXT 2014"]
[Source "ChessBase"]
[SourceDate "2013.11.20"]
[SourceVersion "1"]
[SourceVersionDate "2013.11.20"]
[SourceQuality "1"]

1. e4 c5 2. Nf3 e6 3. d4 cxd4 4. Nxd4 Nf6 5. Nc3 d6 6. Be2 a6 7. 0-0 Be7 8. f4 0-0 9. Bf3 Qc7 10. Kh1 Nc6 11. a4 Re8 12. Be3 Rb8 13. g4 Nxd4 14. Bxd4 e5 15. Be3 exf4 16. Bxf4 Be6 17. g5 Nd7 18. Bg4 Rbc8 19. Bxe6 fxe6 20. g6 hxg6 21. Nd5 Qxc2 22. Nxe7+ Rxe7 23. Qxd6 Qxe4+ 24. Kg1 Rf7 25. Rae1 Qd5 26. Rxe6 Qxd6 27. Rxd6 Rcf8 28. Rfd1 Rxf4 29. Rxd7 R8f7 30. Rxf7 Rxf7 31. Rd4 Rc7 32. Rb4 Kf7 33. Rb6 1/2-1/2

[Event "Buenos Aires Bolivar op 4th"]
[Site "Buenos Aires"]
[Date "2011.06.14"]
[Round "2"]
[White "Calens, Diego"]
[Black "De Dovitiis, Alejo"]
[Result "0-1"]
[WhiteElo "2078"]
[BlackElo "2357"]
[PlyCount "58"]
[EventDate "2011.06.13"]
[EventType "swiss"]
[EventRounds "9"]
[EventCountry "ARG"]
[SourceTitle "EXT 2014"]
[Source "ChessBase"]
[SourceDate "2013.11.20"]
[SourceVersion "1"]
[SourceVersionDate "2013.11.20"]
[SourceQuality "1"]

1. d4 Nf6 2. c4 e6 3. Nc3 c5 4. d5 exd5 5. cxd5 d6 6. Nf3 g6 7. Bg5 Bg7 8. e3 a6 9. Nd2 h6 10. Bh4 b5 11. a4 b4 12. Nce4 g5 13. Bg3 Nxe4 14. Nxe4 0-0 15. Nxd6 Bxb2 16. Bc4 Bc3+ 17. Kf1 Nd7 18. Rc1 Ne5 19. Rxc3 Qxd6 20. Rc1 Qf6 21. Be2 Bf5 22. Rxc5 Rac8 23. Qd4 Rxc5 24. Qxc5 Rc8 25. Qd4 Rc1+ 26. Bd1 Bd3+ 27. Ke1 Qf3 28. Kd2 Rxd1+ 29. Rxd1 Qe2+ 0-1

[Event "Villa Martelli Pro Am op 17th"]
[Site "Villa Martelli"]
[Date "2010.10.14"]
[Round "3"]
[White "Picollo, Pablo"]
[Black "Calens, Diego"]
[Result "0-1"]
[WhiteElo "1987"]
[BlackElo "2095"]
[PlyCount "94"]
[EventDate "2010.10.10"]
[EventType "swiss"]
[EventRounds "9"]
[EventCountry "ARG"]
[SourceTitle "CBM 138 Extra"]
[Source "ChessBase"]
[SourceDate "2010.10.29"]
[SourceVersion "1"]
[SourceVersionDate "2010.10.29"]
[SourceQuality "1"]

1. d4 Nf6 2. c4 e5 3. dxe5 Ne4 4. Nf3 Nc6 5. Nbd2 Nc5 6. g3 d6 7. exd6 Qxd6 8. Bg2 Bf5 9. Nh4 Be6 10. 0-0 0-0-0 11. b3 g5 12. Nhf3 Bg7 13. Rb1 Bf5 14. Bb2 Bxb1 15. Bxg7 Rhg8 16. Qxb1 Rxg7 17. b4 Ne6 18. c5 Qe7 19. Nc4 Ncd4 20. Qe4 f5 21. Qe5 Nxf3+ 22. Bxf3 Nd4 23. Bxb7+ Kb8 24. Qxe7 Rxe7 25. c6 Rxe2 26. a4 Nf3+ 27. Kh1 g4 28. Ba6 Rxf2 29. Rxf2 Rd1+ 30. Rf1 Rxf1+ 31. Kg2 Ra1 32. Ne3 Ra2+ 33. Kf1 Rxa4 34. b5 Ra1+ 35. Kg2 Ra2+ 36. Kf1 Nxh2+ 37. Ke1 Nf3+ 38. Kf1 Nd4 39. Nd5 Rxa6 40. bxa6 Nxc6 41. Kf2 Kc8 42. Ke3 Kd7 43. Kf4 Kd6 44. Ne3 Nd4 45. Kg5 Ke5 46. Nd1 c5 47. Kh6 Ne2 0-1

[Event "Buenos Aires Najdorf Centenary op"]
[Site "Buenos Aires"]
[Date "2010.04.10"]
[Round "4"]
[White "Martinez de Negri, Agustin Gonzalo"]
[Black "Calens, Diego"]
[Result "1-0"]
[WhiteElo "2001"]
[BlackElo "2108"]
[PlyCount "77"]
[EventDate "2010.04.04"]
[EventType "swiss"]
[EventRounds "9"]
[EventCountry "ARG"]
[SourceTitle "CBM 136 Extra"]
[Source "ChessBase"]
[SourceDate "2010.07.02"]
[SourceVersion "2"]
[SourceVersionDate "2010.07.15"]
[SourceQuality "1"]

1. e4 c5 2. Nf3 e6 3. d4 cxd4 4. Nxd4 a6 5. Nc3 Qc7 6. Be3 Bb4 7. Qd2 Nf6 8. Bd3 d5 9. exd5 Nxd5 10. Nde2 Nxe3 11. Qxe3 0-0 12. 0-0 Be7 13. Ne4 Nc6 14. c3 e5 15. f4 f5 16. Nf2 Be6 17. Rae1 e4 18. Nxe4 fxe4 19. Qxe4 Bf5 20. Qd5+ Kh8 21. Bxf5 Bh4 22. Bxh7 Rf6 23. g3 Kxh7 24. Qe4+ Kg8 25. gxh4 Qb6+ 26. Kh1 Qxb2 27. Qd5+ Kh8 28. Rg1 Raf8 29. Qg5 R8f7 30. Qh5+ Kg8 31. Qd5 Rf5 32. Qe6 R5f6 33. Qe8+ Rf8 34. Qh5 Qc2 35. Qd5+ R8f7 36. Nd4 Nxd4 37. Re8+ Kh7 38. Qh5+ Rh6 39. Qxf7 1-0